01618 a2200241 450000500170000000800410001704000670005804100080012504100080013324500420014126000680018330000460025150003850029750802870068251101570096954600940112665000410122065000260126170000270128771000230131471000250133771000140136220211216134931.0140517s2011 xxu g q mlmul d aCO-BoUCMbspacDeissy Garcia (modificó)dAldemar Mondragón aeng aspa00aSuper 8cJ.J. Abrams, directorh[DVD] aHollywood (Los Ángeles, california)bParamount Picturesc2011 a1 DVD, 111 minutosbimagen, sonido, color aSINOPSIS: En el verano de 1979, un grupo de amigos en un pequeño pueblo de Ohio fueron testigos de un choque de tren catastrófico mientras rodaban una película en super 8 y pronto sospechan que no fue un accidente. Poco después, desapariciones irregulares y eventos inexplicables comienzan a tener lugar en la ciudad, y el jefe de policía intentará descubrir la verdad aCRÉDITOS: Escrita y dirigida por J.J. Abrams ; dirigida por Bryan Burk ; música por Michael Giacchino ; fotografía por Larry Fong ; diseño de producción por Martin Whist ; dirección de arte por David Scott ; ambientación por Fainche MacCarthy ; vestuario por Ha Nguyen0 aREPARTO: Joel Courtney, Jessica Tuck, Joel McKinnon Miller, Ryan Lee, Zach Mills, Riley Griffiths, Gabriel Basso, Kyle Chandler, Ron Eldard, AJ Michalka aAudio en inglés, francés y español. Subtítulos en inglés, francés y español 7aCivilizaciones extraterrestres vDVD 7aExtraterrestres vDVD1 aAbrams, J.J.edirector2 aParamount Pictures2 aAmblin Entertainment2 aBad Robot